01150cam a2200289 a 450000100100000000500170001000800410002704000230006808200190009110000350011024501270014526000730027230000280034549000210037350400440039465000320043865000340047065000370050460000420054170000340058370000360061783000270065391000340068004900090071495201220072399900150084500000777020200929154307.0901023s1990 cu a bk 001 0 spa  aDO-SdBNPcDLCdDLC a780.981bG526h1 aGiro, Radamés,d1940-92146210aHeitor Villa-Lobos :buna sensibilidad americana /cRadamés Giro ; edición, Isabel González, prólogo, Leo Brouwer. aLa Habana (Cuba) :bUnión de Escritores y Artistas de Cuba,c1990. a116 p. :bil. ;c20 cm.1 aContemporáneos aReferencias bibliográfica p. 113-116. 4aMúsica brasileña921463 4aMúsicos brasileños921464 4aCompositores brasileños92146514aVILLA-LOBOS, HEITORd1887-19599214661 aBrouwer, Leo,epról.9214671 aGonzález, Isabel,eed.921468 0aContemporáneos96941 aCatalogación por copia / LC aBNGR 001052708MOaGRbGRcCTd2009-09-10iLF1l0o780.981 G526hp7770-10r2020-06-25w2020-06-25y2ZPréstamo interno c7548d7548